A new view of current acid-base theories /

Bibliographic Details
Main Author: Finston, H. L.
Other Authors: Rychtman, Allen C.
Format: Book
Language:English
Published: New York : Wiley, [1982]
Subjects:

MARC

Tag First Indicator Second Indicator Subfields
LEADER 00000pam a2200000 a 4500
001 in00000088588
005 20151008065137.0
008 810921s1982 nyua b 00110 eng
010 |a  81016030  
020 |a 0471084727 
035 |a (OCoLC)07837073 
035 |9 AAK5428AM 
039 0 |a 2  |b 3  |c 3  |d 3  |e 3 
040 |a DLC  |c DLC  |d TXA  |d UtOrBLW 
049 |a TXAM  |c [1561147] 
050 0 0 |a QD477  |b .F56 1982 
082 0 |a 541.3/94  |2 19 
100 1 |a Finston, H. L. 
245 1 2 |a A new view of current acid-base theories /  |c Harmon L. Finston and Allen C. Rychtman. 
264 1 |a New York :  |b Wiley,  |c [1982] 
264 4 |c ©1982 
300 |a viii, 216 pages :  |b illustrations ;  |c 24 cm. 
336 |a text  |b txt  |2 rdacontent 
337 |a unmediated  |b n  |2 rdamedia 
338 |a volume  |b nc  |2 rdacarrier 
500 |a "A Wiley-Interscience publication." 
504 |a Includes bibliographical references and indexes. 
650 0 |a Acid-base equilibrium. 
700 1 |a Rychtman, Allen C. 
999 |a MARS 
999 f f |s facfa339-df7b-3f55-9dd7-83502e2fe927  |i bbd3bc65-31d7-3b76-866f-30f64d880f5b  |t 0 
952 f f |p normal  |a Texas A&M University  |b College Station  |c Sterling C. Evans Library  |d Evans: Library Stacks  |t 0  |e QD477 .F56 1982  |h Library of Congress classification  |i unmediated -- volume  |m A14806212343 
998 f f |a QD477 .F56 1982  |t 0  |l Evans: Library Stacks